书目信息 |
| 题名: |
电厂分散控制系统
|
|
| 作者: | 印江 , 冯江涛 编著 | |
| 分册: | ||
| 出版信息: | 北京 中国电力出版社 2006.03 |
|
| 页数: | 242页 | |
| 开本: | 26cm | |
| 丛书名: | 大型火电机组控制技术丛书 | |
| 单 册: | ||
| 中图分类: | TM621.6 | |
| 科图分类: | ||
| 主题词: | 火电厂--huo dian chang--分散控制--控制系统 | |
| 电子资源: | ||
| ISBN: | 7-5083-3691-7 | |
| 000 | 01053nam 2200265 450 | |
| 001 | 012006842187 | |
| 005 | 20061130091420.42 | |
| 010 | @a7-5083-3691-7@dCNY25.00 | |
| 100 | @a20061016d2006 km y0chiy0120 ea | |
| 101 | 0 | @achi |
| 102 | @aCN@b110000 | |
| 105 | @aa a 000yy | |
| 200 | 1 | @a电厂分散控制系统@Adian chang fen san kong zhi xi tong@f印江, 冯江涛编著@Fyin jiang,feng jiang tao bian zhu |
| 210 | @a北京@c中国电力出版社@d2006.03 | |
| 215 | @a242页@c图@d26cm | |
| 225 | 2 | @a大型火电机组控制技术丛书@Ada xing huo dian ji zu kong zhi ji shu cong shu |
| 320 | @a有书目 (第242页) | |
| 330 | @a本书主要包括DCS分散控制系统概论,DCS的通信子系统,DCS的过程控制子系统,分散控制系统的HMI,分散控制系统的组态,分散控制系统的性能指标评价,分散控制系统的工程设计、安装调试和维护。 | |
| 410 | 0 | @12001 @a大型火电机组控制技术丛书 |
| 606 | 0 | @a火电厂@Ahuo dian chang@x分散控制@x控制系统 |
| 690 | @aTM621.6@v4 | |
| 701 | 0 | @a印江@Ayin jiang@4编著 |
| 701 | 0 | @a冯江涛@Afeng jiang tao@4编著 |
| 801 | 0 | @aCN@c20061130 |
| 905 | @a10447@dTM621.6@eY611 | |
| 电厂分散控制系统/印江, 冯江涛编著.-北京:中国电力出版社,2006.03 |
| 242页:图;26cm.-(大型火电机组控制技术丛书) |
| ISBN 7-5083-3691-7:CNY25.00 |
| 本书主要包括DCS分散控制系统概论,DCS的通信子系统,DCS的过程控制子系统,分散控制系统的HMI,分散控制系统的组态,分散控制系统的性能指标评价,分散控制系统的工程设计、安装调试和维护。 |
| ● |
| 相关链接 |
|
|
|
正题名:电厂分散控制系统
索取号:TM621.6/Y611
 
预约/预借
| 序号 | 登录号 | 条形码 | 馆藏地/架位号 | 状态 | 备注 |
| 1 | 224094 | 202240949 | 自科库301/301自科库 15排3列3层/ [索取号:TM621.6/Y611] | 在馆 | |
| 2 | 224095 | 202240958 | 自科库301/301自科库 15排3列3层/ [索取号:TM621.6/Y611] | 在馆 |